000 00652nam a22001937a 4500
005 20180830141834.0
010 _aENG-123929
020 _a9789352806843
_c850.00
035 _aEN-107461
037 _bDBAD/PUB
082 0 0 _a345.54025554
100 _aHalder, Debarati
245 1 0 _aChild sexual abuse and protection laws in india /
_cby Debarati Halder
260 _aNew Delhi
_bSAGE Publications,
_c2018
270 _aB1/I-1 Mohan Cooperative Industrial Area, Mathura Road
_bNew Delhi
_e110044
300 _axviii,214p.
_c22cm.(Hb)
500 _aIt includes index and about the author
942 _2ddc
_cEN
_h345.54025554
_mHAL
999 _c156680
_d156680